[Event "Olympiad-41"]
[Site "Tromsoe"]
[Date "2014.08.04"]
[Round "3.3"]
[White "Almasi, Zoltan"]
[Black "Yu, Yangyi"]
[Result "0-1"]
[WhiteElo "2690"]
[BlackElo "2668"]
[Annotator "Szabo,Kr"]
[PlyCount "170"]
[EventDate "2014.08.02"]
[EventType "team-swiss"]
[EventRounds "11"]
[EventCountry "NOR"]
[SourceTitle "CBM 162"]
[Source "ChessBase"]
[SourceDate "2014.09.17"]
[SourceVersion "1"]
[SourceVersionDate "2014.09.17"]
[SourceQuality "1"]
[WhiteTeam "Hungary"]
[BlackTeam "China"]
[WhiteTeamCountry "HUN"]
[BlackTeamCountry "CHN"]

1. e4 c5 2. Nf3 d6 3. d4 cxd4 4. Nxd4 Nf6 5. Nc3 a6 6. Be2 e5 7. Nb3 Be7 8. O-O
O-O 9. Re1 Be6 10. Bf3 a5 $5 {Black would like to force White's a4, then he
will gain the b4 square with his N.} (10... Nbd7) ({and} 10... Qc7 {are the
other lines.}) 11. a4 Na6 $1 {The correct way with the N.} ({The natural} 11...
Nc6 {could have been met by} 12. Nd5 $1 Bxd5 13. exd5 Nb4 14. c3 Na6 15. Be3
$14 {and the a6 N is out of play, White has a comfortable middlegame,
Svidler-Karjakin, Moscow blitz 2009.}) 12. Bg5 {A logical move. Usually White
wants to exchange his dark squared B against his opponent's N, because he is
fighting for the d5 square.} h6 13. Bxf6 Bxf6 14. Nb5 $146 {A novelty by
Almasi. He immediately attacks the d6 P.} (14. Nd5 Bg5 15. Bg4 Rc8 16. c3 Nc5
17. Nxc5 Rxc5 18. Bxe6 fxe6 19. Ne3 Qb6 {and draw, 1/2 Alekseev-Grischuk,
Russia (ch) 2009.}) 14... Qb6 15. Nd2 ({Capturing the P with} 15. Qxd6 $6 {
is dubious, as} Qxd6 16. Nxd6 Nb4 $1 17. Rec1 b6 $1 (17... Nxc2 $6 18. Rxc2
Bxb3 19. Rc3 Be6 20. Nxb7 $14) (17... Bg5 18. Nc5 Bxc1 19. Rxc1 $44 {with some
compensation.}) 18. c4 Rfd8 19. Rd1 (19. Nf5 Rac8 20. Ne3 Bg5 $36) 19... Rd7
$36 {and Black has a great initiative for the P.}) 15... Rfd8 (15... Nc7 $5 {
was a logical decision to remove the b5 N,} 16. Nxc7 (16. Be2 d5 $1) 16... Qxc7
17. Nf1 Bg5 18. Ne3 Rac8 19. c3 Qb6 {and Black has some unpleasant threats on
the queenside.}) 16. Nf1 {A typical manoeuvre. White preapes for Ne3-d5.} Nc5 {
Threatening Nxa4.} 17. Qe2 $1 d5 {A questionable move, but otherwise White
wanted to gain the d5-square with Ne3.} 18. exd5 Bxd5 19. Bxd5 Rxd5 20. Ne3 Rd7
21. Rad1 Rad8 (21... Rxd1 $6 22. Rxd1 Nxa4 $2 {is bad, because of} 23. b3 Nc5
24. Rd6 $18 {and the Q is trapped.}) 22. b3 $14 {White has a comfortable
position. He controls the light squares and the a5 P can also be weak.} Qe6 23.
Rxd7 Rxd7 24. Rd1 e4 25. Rxd7 Qxd7 26. Qc4 $1 {A good move. White simply
improves his pieces.} Be7 27. Nc3 $1 {Another nice move. The b5 N was useless,
so he transfers it, moreover the e4 P is also hanging.} Qc6 28. g3 $1 {Black
can only just hold on; White is improving his position with his all moves. Now
he has opened his back rank too.} Bf8 29. Qd5 Qe8 30. Nc4 g6 31. Ne5 Kg7 32.
Nxe4 $6 {Finally White wins the e4 P, but it gives some counterchance for
Black.} (32. Kg2 $5) ({or} 32. Qd4 {was more solid} Ne6 33. Qxe4 Ng5 34. Qd5
$16 {with a promising position for White.}) 32... Nxe4 33. Qxe4 Bd6 34. f4 Qe6
35. Qd4 f6 36. Nf3 g5 $1 {A good move. Black immediately tries to create some
practical chances.} 37. fxg5 hxg5 38. Kf2 $6 (38. Kf1 $1 $14 {was more
accurate.}) 38... b6 $1 39. Qd3 Bc5+ 40. Nd4 (40. Kg2 g4 $132) (40. Kf1 Kf8 $1
{A typical suggestion by Houdini.} (40... Qh3+ 41. Ke1 Qg2 42. Kd1) 41. Qe2 Qf5
$44 {followed by g4, so Black has enough compensation.}) 40... Qd5 41. c3 Qxb3
{After the time control the position is changed. Now already White has to
fight for the draw.} 42. Kf3 g4+ (42... Qxa4 43. Nf5+ $11 {and White can give
perpetual checks.}) 43. Kxg4 Qxa4 44. Kf3 Bxd4 45. cxd4 b5 46. d5 b4 47. d6 Qd7
48. h4 b3 49. Qxb3 Qc6+ 50. Kg4 Qxd6 51. Qb7+ Kh6 52. Qa8 {The position is
equal, now we will see many moves until the 80th.} Qd7+ 53. Kf4 Qc7+ 54. Kf3
Kg7 55. Qe8 Qc3+ 56. Kg2 Qc2+ 57. Kh3 Qf5+ 58. Kg2 Qd5+ 59. Kh2 Qa2+ 60. Kh3
Qf7 61. Qa4 Qe6+ 62. Kh2 Qe2+ 63. Kh3 Qf1+ 64. Kh2 Qf5 65. Qe8 Qe5 66. Qd7+ Kg6
67. Qd3+ Qf5 68. Qe2 Kf7 69. Qc4+ Kg7 70. Qc7+ Kg6 71. Qc4 Qf2+ 72. Kh3 Qf5+
73. Kg2 Kg7 74. Qc7+ Kh6 75. Qc6 Qe5 76. Qc4 Qd6 77. g4 Qd7 78. Qf4+ Kg7 79. g5
Qd5+ 80. Kf2 Qc5+ 81. Ke2 $4 {A decisive mistake! White wanted to go for the
queenside to stop Black's aP, but unfortunately he missed Black's reply.} (81.
Kg2 $11) (81. Kf3 $11) 81... Qe5+ $1 $19 {Now Black can exchange the Qs. His K
on g7 can stop White's Ps, but White's K can't handle both Black's a- and e-
Ps.} 82. Qe3 Qxe3+ 83. Kxe3 f5 84. h5 a4 85. Kf4 a3 0-1

[Event "Reykjavik zt playoff"]
[Site "Reykjavik"]
[Date "1995.??.??"]
[Round "?"]
[White "Hjartarson, Johann"]
[Black "Olafsson, Helgi"]
[Result "1-0"]
[WhiteElo "2590"]
[BlackElo "2520"]
[Annotator "Tisdall,J"]
[PlyCount "105"]
[EventDate "1995.04.??"]
[EventType "tourn"]
[EventRounds "5"]
[EventCountry "ISL"]
[EventCategory "12"]
[SourceTitle "CBM 047"]
[Source "ChessBase"]
[SourceDate "1995.08.01"]
[SourceVersion "1"]
[SourceVersionDate "1995.08.01"]
[SourceQuality "1"]

1. e4 c5 2. Nf3 d6 3. d4 cxd4 4. Nxd4 Nf6 5. Nc3 a6 6. Be2 e5 7. Nb3 Be7 8. Be3
Be6 9. O-O O-O 10. Nd5 Nbd7 11. Qd3 Bxd5 12. exd5 Qc7 (12... Nc5 $1 {is
recommended by Daniel King in his book Winning with the Najdorf. He gives the
game King-Browne as the main line in this variation, which continued} 13. Nxc5
dxc5 14. Rfd1 e4 15. Qd2 Bd6 16. a4 Qc7 17. g3 Rae8 18. a5 Nd7 19. Bf4 Ne5 20.
c4 f5 {with very sharp play.}) 13. c4 g6 14. f4 exf4 (14... e4 15. Qd2 Nc5 16.
Nd4 {now looks favorable for white, so Olafsson finds a more dynamic solution.}
) 15. Bxf4 Ne5 $5 {A very interesting piece sacrifice that gives black good
practical chances.} 16. Bxe5 dxe5 17. d6 e4 18. Qd4 Bxd6 19. Qxf6 Bxh2+ 20. Kh1
Be5 21. Qh4 f5 {With two strong pawns, chances to win a third, and white's
poorly posted Nb3, black has attractive compensation. The biggest dangers for
him are a sudden attack, when the white squared bishop can run amok, or the
break g2-g4 , which can fracture black's proud pawn chain.} 22. Rad1 Rad8 {Is}
(22... Bxb2 $5 {simply too greedy? After} 23. Rd5 Bf6 24. Qf2 (24. Qh2 {
intending Sc5 after an exchange of queens also looks pleasant for white.})
24... Rad8 25. Rfd1 {white's inititiative outweighs the pawns.}) 23. Rxd8 Rxd8
24. Qg5 Rf8 25. Rd1 Bf4 26. Qh4 Bg3 27. Qh6 Bf4 28. Qh3 Rd8 (28... h5 $5 {
deserved serious attention, to defang g4.}) 29. Rxd8+ Qxd8 30. g4 Qf6 31. gxf5
gxf5 32. c5 Bc7 33. Kg1 Be5 34. Bc4+ Kg7 35. Qg2+ Kh6 36. Bd5 Bxb2 (36... Qh4
$2 37. Qh1 $1) 37. Bxb7 a5 38. Qh2+ Kg6 39. Qg3+ Kh5 40. c6 Be5 41. Qh3+ Kg6
42. Bc8 $1 Qg5+ 43. Kf1 Bg3 $6 {Now white's knight can reenter the game with
powerful effect. It seems to me that black's best chance was} (43... a4 $1 44.
Nd2 $1 {the only safe square.} h5 (44... Qxd2 45. Qxf5+ Kh6 46. Qe6+ $1) 45.
Bd7 h4 $1 {gives white real problems breaking through.} (45... Qxd2 $2 46.
Qxf5+ Kh6 47. Qe6+ Kh7 48. Qxe5 Qd1+ 49. Kg2 Qf3+ 50. Kh2 Qf2+ 51. Kh3 $18))
44. Ke2 $1 Qf4 $5 {Black can no longer maintain his pawn phalanx, so aims for
perpetual check.} 45. Bxf5+ $1 Kf6 46. Nd2 Qf2+ 47. Kd1 Qe1+ 48. Kc2 Bf4 49.
Nxe4+ Ke5 50. Nc3 Qf2+ 51. Kb1 (51. Kb3 Qb6+) 51... Qd2 (51... Qe1+ 52. Kb2
Qf2+ 53. Bc2 Qb6+ 54. Ka1) 52. a4 Be3 53. Qg4 $1 {Protecting the Sc3
tactically and bringing the queen in for the kill.} 1-0

[Event "Dos Hermanas"]
[Site "Dos Hermanas"]
[Date "1997.04.06"]
[Round "5"]
[White "Shirov, Alexei"]
[Black "Gelfand, Boris"]
[Result "1/2-1/2"]
[WhiteElo "2690"]
[BlackElo "2700"]
[Annotator "Tyomkin,D"]
[PlyCount "89"]
[EventDate "1997.04.01"]
[EventType "tourn"]
[EventRounds "9"]
[EventCountry "ESP"]
[EventCategory "19"]
[SourceTitle "CBM 059"]
[Source "ChessBase"]
[SourceDate "1997.08.01"]
[SourceVersion "1"]
[SourceVersionDate "1997.08.01"]
[SourceQuality "1"]

1. e4 c5 2. Nf3 d6 3. d4 cxd4 4. Nxd4 Nf6 5. Nc3 a6 6. Be2 e5 7. Nb3 Be7 8. O-O
O-O 9. Kh1 b6 10. f4 $5 $146 (10. Bg5 {Tyomkin,D} Bb7 11. Bxf6 Bxf6 12. Bc4 Nc6
13. Bd5 Rc8 14. Nd2 (14. a4 $6 {[%csl Rb4]} Qc7 15. Nd2 Nb4) 14... b5 15. a3
Qc7 16. Nf3 Rfd8 17. Qd2 b4 (17... Na5 18. Bxb7 Nxb7 (18... Qxb7 19. Nd5 $16 {
[%csl Rf6]}) 19. Rac1 (19. Nd5 $2 Qxc2 20. Nxf6+ gxf6 21. Qh6 Qxe4 (21... Nc5
22. Nh4 Qxe4 23. Qxf6 Nd7 24. Qg5+ Kh8 25. Nf5 Rg8 26. Nxd6 $16) 22. Qxf6 (22.
Nh4 Qf4) 22... Qg6 $17) 19... Qc4 20. Rfe1 $16 {[%cal Gc3d5]}) 18. axb4 Nxb4
19. Bb3 (19. Bxb7 $5 Qxb7 20. Ra5 $14) 19... Bc6 20. Rfd1 a5 21. Ne1 Ra8 22.
Nd3 Qb6 23. f3 h6 24. Nxb4 axb4 25. Nd5 Bxd5 26. Qxd5 Ra7 $14 {/= Kasparov,
G-Gelfand,B/It, Linares ESP 1997 (46)/1/2-1/2}) (10. Be3 Bb7 11. f3 Nbd7 (11...
b5 {Anand,V-Gelfand,B/Dos Hermanas 1997 (22);CBM59[Tyomkin,D]/1/2-1/2}) 12. a4
Qc7 13. Rf2 h6 14. Bf1 Rfc8 15. Nc1 $14 {[%cal Gc1a2,Ya2b4,Yb4d5] Solozhenkin,
E-Saulin,D/RUS-ch Elista 1995 (40)/1-0}) 10... Bb7 11. Bd3 (11. Bf3 $5) 11...
Nbd7 12. a4 b5 13. axb5 axb5 14. Rxa8 (14. Bxb5 $5 Rxa1 15. Nxa1 Nxe4 (15...
Nc5 16. Be3 Nfxe4 17. Nxe4 Nxe4 18. Bd3 $14) (15... Qa8 16. Bxd7 Nxd7 17. Nb3
Nf6 18. Nd2 Rc8 $44) 16. Nxe4 Bxe4 17. Re1 Nf6 18. Nb3 Qa8 19. Qe2 Rb8 20. fxe5
(20. Bd3 Bxd3 (20... Bd5 21. Bc4) 21. Qxd3 e4 22. Qg3 d5 (22... Qd5) 23. Be3
Qc6 24. Nd4 Qd7 $11) 20... dxe5 21. Bd3 $13) 14... Qxa8 15. Bxb5 Nxe4 16. Nxe4
Bxe4 17. Qe2 (17. Bxd7 $4 Bxg2+ 18. Kg1 Bxf1 19. Qxf1 (19. Kxf1 Qh1+ $17) 19...
Qa7+) 17... Bc6 (17... Nf6 $5 {[%cal Gf8c8,Ge4g2,Ge4c2]} 18. fxe5 (18. Bd3 Bxd3
19. Qxd3 e4 20. Qe2 d5 21. Be3 Qb7 $11 {[%cal Gf8a8]}) 18... dxe5 19. Bd3 (19.
Bg5 Rc8 20. Bd3 Bxd3 21. Qxd3 $15) 19... Bxd3 20. Qxd3 Rd8 21. Qg3 Qe4 $36) 18.
Bxc6 $14 {/=} Qxc6 19. Na5 {[%cal Ga5c4,Yc4e3,Ye3d5]} Qa4 20. Nc4 Qb5 21. Re1
f6 22. Qd3 {[%cal Gc4e5]} Qc6 23. Ne3 Rc8 24. Bd2 Bf8 25. fxe5 (25. Bc3 exf4
26. Nd5 Ne5 27. Qf5 f3 28. gxf3 Qxd5 $5 29. Qxc8 Qxf3+ (29... Nxf3 $2 30. Qe6+)
30. Kg1 Qd5 31. Bxe5 dxe5 32. c3 Kf7 33. b4 h5 $132) 25... Nxe5 26. Qb3+ Kh8
27. Bc3 Nc4 28. Nxc4 Qxc4 29. Qxc4 Rxc4 $11 {[%cal Gh8g8,Gg8f7,Gd6d5] _|_
Black has to play accuratly to make a draw and Boris showed exact way to get it
} 30. Rd1 Kg8 31. Rd4 Rc7 32. Kg1 Kf7 33. Kf2 Ke6 34. Re4+ Kf7 35. Ke3 d5 36.
Rh4 h6 37. Kd3 Bd6 {[%cal Gd6e5]} 38. Ba5 Rc8 39. h3 Be5 40. Rb4 g5 $1 41. Rb7+
Ke6 42. g4 h5 $1 43. Bb4 hxg4 44. hxg4 Rc7 45. Rxc7 1/2-1/2

[Event "Dos Hermanas"]
[Site "Dos Hermanas"]
[Date "1997.04.09"]
[Round "7"]
[White "Anand, Viswanathan"]
[Black "Gelfand, Boris"]
[Result "1/2-1/2"]
[WhiteElo "2765"]
[BlackElo "2700"]
[Annotator "Tyomkin,D"]
[PlyCount "45"]
[EventDate "1997.04.01"]
[EventType "tourn"]
[EventRounds "9"]
[EventCountry "ESP"]
[EventCategory "19"]
[SourceTitle "CBM 059"]
[Source "ChessBase"]
[SourceDate "1997.08.01"]
[SourceVersion "1"]
[SourceVersionDate "1997.08.01"]
[SourceQuality "1"]

1. e4 c5 2. Nf3 d6 3. d4 cxd4 4. Nxd4 Nf6 5. Nc3 a6 6. Be2 e5 7. Nb3 Be7 8. O-O
O-O 9. Kh1 b6 10. Be3 {In my opinion Anand prepared this move in his
preparation before the game according to a game Solozhenkin-Saulin were white
got a long pressure from the opening and won. But Boris knows this variation
very well and made good results against high level players,and for shure he
knew this game and has shown to Anand his home preparation in this line.} (10.
f4 {Shirov,A-Gelfand,B/Dos Hermanas 1997 (44);CBM59/1/2-1/2}) 10... Bb7 11. f3
b5 $1 $146 (11... Nbd7 $6 12. a4 Qc7 13. Rf2 h6 14. Bf1 Rfc8 15. Nc1 $14 {
[%cal Gc1a2,Ya2b4,Yb4d5] Solozhenkin,E-Saulin,D/RUS-ch Elista 1995 (40)/1-0})
12. a4 b4 13. Nd5 Nxd5 14. exd5 Nd7 (14... Qc7 $5 15. c3 bxc3 16. Rc1 Nd7 (
16... c2 17. Rxc2 Qd8 18. Qd2 $14 {[%cal Gb3a5]}) 17. bxc3 (17. Rxc3 Qd8 $15 {
[%cal Gd7f6,Gf7f5]}) 17... Nb6 (17... f5 18. f4 $13) 18. Bxb6 Qxb6 19. a5 $13)
15. c3 (15. f4 $6 Nf6 {[%csl Rd5]} 16. Bc4 Rc8 17. Qd3 e4 18. Qd4 Ng4 $17)
15... bxc3 16. bxc3 Bg5 17. Bg1 Qc7 18. c4 {[%cal Ga4a5]} a5 19. Nd2 {[%cal
Gd2b1,Yb1c3,Yb1a3]} f5 $6 (19... Bxd2 $142 20. Qxd2 Nc5 21. Rfb1 Ba6 22. Bf2 {
[%cal Gf2e1]} Rab8 $15) 20. Nb1 Nc5 (20... Ba6 $143 21. Na3 Rf6 22. Nb5 {
Black queen doesn't pass to >>}) 21. Nc3 Rf6 {[%csl Yd6]} 22. Rb1 Ba6 23. Qc2 {
Black has some attacking chances on >>,and White can double his rooks on
b-file.In my opinion Anand was upset of opening results and offered a draw.}
1/2-1/2

[Event "EU-chT (Men) 11th"]
[Site "Pula"]
[Date "1997.05.??"]
[Round "1.3"]
[White "Palac, Mladen"]
[Black "Soylu, Suat"]
[Result "1-0"]
[WhiteElo "2595"]
[BlackElo "2395"]
[Annotator "Tyomkin,D"]
[PlyCount "107"]
[EventDate "1997.05.05"]
[EventType "team-swiss"]
[EventRounds "9"]
[EventCountry "CRO"]
[SourceTitle "CBM 057 Extra"]
[Source "ChessBase"]
[SourceDate "1997.05.01"]
[SourceVersion "1"]
[SourceVersionDate "1997.05.01"]
[SourceQuality "1"]
[WhiteTeam "Croatia"]
[BlackTeam "Turkey"]
[WhiteTeamCountry "CRO"]
[BlackTeamCountry "TUR"]

1. e4 c5 2. Nf3 d6 3. d4 cxd4 4. Nxd4 Nf6 5. Nc3 a6 6. Be2 e5 7. Nb3 Be7 8. O-O
O-O 9. Kh1 b5 10. a4 b4 (10... Bb7 {is more popular continuation}) 11. Nd5 Nxd5
$6 (11... Bb7 $142 {Tyomkin,D} 12. Nxe7+ Qxe7 13. f3 d5 14. Bg5 dxe4 15. fxe4
Nbd7 16. Bd3 h6 17. Bxf6 (17. Bh4 $5 g5 18. Be1 Nxe4 (18... Bxe4 19. Bxe4 Nxe4
20. Bxb4 Qxb4 21. Qxd7) 19. Na5 Bd5 20. c4 bxc3 21. bxc3 $44 {[%cal Gc3c4] ^^})
17... Nxf6 18. Qe1 Nh5 19. Na5 Nf4 $11 {Hracek,Z-Votava,J/BL 1996/1/2-1/2 (42)}
) 12. Qxd5 Ra7 13. Be3 (13. Rd1 $2 {Tyomkin,D} Be6 {Now black easily transfers
d6-d5} 14. Qd3 Rd7 {[%cal Gd6d5]} 15. Bf3 (15. Be3 Qc7 (15... d5 $2 16. Nc5)
16. f4 $6 d5) 15... Qc7 16. Be3 Rfd8 17. a5 Qc6 18. Rac1 d5 {Goloshchapov,
A-Tihonov,J/XII WYCF b18, Cala Galdana ESP 1996/1/2-1/2 (39)}) 13... Be6 14.
Qd2 $146 (14. Qd1 {Tyomkin,D} Rb7 $6 (14... Rd7 $142) 15. f4 $16 {Oll,
S-Piesina,G/Riga (zt) 1995;63/(219)}) 14... Rb7 (14... Rd7 15. Qxb4 d5 16. Bc5
Nc6 17. Qa3 $16) 15. f4 exf4 (15... Qc7 $5 16. f5 Bc4 $140 (16... Bxb3 17. cxb3
$16 {[%cal Ge2c4] <->c}) (16... Bd7 $142 17. Bd3 $40 {>>}) 17. Bxc4 Qxc4 18.
Na5) 16. Bxf4 d5 17. e5 Rc7 18. Bd3 Qc8 19. Qe2 $16 {[%csl Ra6]} Nd7 20. Rac1
a5 21. Bb5 $6 {[%csl Ra5]} (21. Nxa5 $142 Qa8 (21... Nc5 22. Bb5 {=21.Bb5}) 22.
Nb3 Qxa4 23. Ra1 Qc6 24. Nd4 Qb6 25. Nxe6 Qxe6 (25... fxe6 26. Qh5) 26. Ra6 $16
) 21... Nc5 $2 (21... Qa8 $142 $14) 22. Nxa5 Qa8 23. Nb3 Nxa4 $2 (23... Nxb3
$142 24. cxb3 Rfc8 $16) 24. Ra1 $18 Ra7 25. Be3 Nc5 {[%tqu "En","Find a
winning continuation for white","you can't capture twice on 'c5' because your
Ra1 will be unprotected.Try to deorganize black pieces","","b5c6","",5]} 26.
Bc6 $1 Rxa1 27. Bxa8 Rxf1+ 28. Qxf1 Nxb3 29. Qa6 $1 Bc5 30. Bxc5 Nxc5 31. Qa5
Rc8 32. Bc6 $1 Nd7 33. Bxd7 (33. Ba4 $5 {[%csl Rc2][%cal Ya5b4]} Nxe5 34. Qxb4)
(33. Bxd5 $2 Rxc2 34. h3 Rxb2) 33... Bxd7 34. Qxd5 Be6 35. Qd2 {The rest is
easy technical job} g6 36. h3 h5 37. Qxb4 Rxc2 38. Qd4 {[%csl Rd5]} Kh7 39. b4
Rc1+ 40. Kh2 Rb1 41. Qc5 Rd1 42. b5 Rd5 43. Qb4 Rxe5 44. b6 Bd5 45. Qd6 (45. b7
Re2 46. Kg1 (46. b8=Q $4 Rxg2+ $11) 46... Rxg2+ 47. Kf1 Bxb7 48. Qxb7 $18 {
[%cal Gb7f7]} Rc2 $8 49. Qxf7+ Kh6 50. h4) 45... Rf5 46. g4 hxg4 47. hxg4 Rf2+
48. Kg1 Rg2+ 49. Kf1 Be4 50. Qd7 Kh6 51. Qxf7 Rxg4 52. Kf2 g5 53. b7 Bxb7 54.
Qxb7 {theoretically winning ending Q:R+P} 1-0

[Event "Hoogovens"]
[Site "Wijk aan Zee"]
[Date "1997.01.21"]
[Round "3"]
[White "Short, Nigel D"]
[Black "Lautier, Joel"]
[Result "1/2-1/2"]
[WhiteElo "2690"]
[BlackElo "2630"]
[Annotator "Tyomkin,D"]
[PlyCount "53"]
[EventDate "1997.01.18"]
[EventType "tourn"]
[EventRounds "13"]
[EventCountry "NED"]
[EventCategory "16"]
[SourceTitle "CBM 057"]
[Source "ChessBase"]
[SourceDate "1997.04.01"]
[SourceVersion "1"]
[SourceVersionDate "1997.04.01"]
[SourceQuality "1"]

1. e4 c5 2. Nf3 d6 3. d4 cxd4 4. Nxd4 Nf6 5. Nc3 a6 6. a4 Nc6 7. Be2 e5 8. Nb3
Be7 9. Bg5 O-O 10. O-O Be6 11. Bxf6 Bxf6 12. Nd5 $14 Nd4 (12... Rc8 $1 13. c3 (
13. Nxf6+ Qxf6 14. Qxd6 Rfd8 15. Qa3 Bxb3 16. cxb3 Nd4 $17 {Ftacnik}) (13. a5
Bxd5 14. Qxd5 Nb4 15. Qxb7 Nxc2 16. Rab1 Rb8 17. Qc6 Nb4 18. Qc3 Qd7 $15 {
Ftacnik}) 13... Bg5 {-12...Bg5[Vogt-Ftacnik, Trencianske Teplice 1979]}) (12...
Bg5 13. a5 (13. c3 Rc8 14. a5 (14. Nd2 {Ftacnik} Ne7 15. c4 Bxd2 16. Qxd2 Nc6
17. b4 Nd4 18. Rab1 f5 19. Bd3 f4 20. f3 g5 21. Kh1 Kh8 22. c5 g4 23. cxd6 gxf3
24. gxf3 $17 {Vogt,L-Ftacnik,L/Trencianske Teplice/1979/0-1 (57)}) 14... Ne7
15. Nb6 Rc6 16. Bg4 Nc8 17. Nd5 Qd7 18. h3 Bd8 19. Ra4 Ne7 20. Rb4 Rc8 21. Re1
$14 {Yudasin,-Schneider, Lyon 1994}) 13... Rc8 14. c4 (14. Bg4 Kh8 (14... Bh6
15. c3 (15. Nb6 {Ubilava,E} Rc7 16. c4 Bg5 17. Bxe6 fxe6 18. Qg4 Qe7 {/\ Bf6,
Nd4}) 15... Ne7 16. Bxe6 fxe6 17. Nb6 Rc6 18. Qg4 d5 $13) (14... Bxg4 {Ftacnik}
15. Qxg4 Bh6 16. Rfd1 $14) (14... Nd4 $146 {1/2-1/2 Short,N-Gelfand,B/
Groningen 1996 (24)}) 15. c3 Bh6 16. Nb6 Rc7 17. Bxe6 fxe6 18. Qd3 Rcf7 (18...
Bg5 {Ubilava,E} 19. Rad1 Be7 20. Nc4 Rd7 21. Nc5 $18) 19. Rad1 (19. Nc4 {
Ftacnik} d5 20. Ne3 Bf4 $132) 19... Nxa5 20. Nxa5 Qxb6 21. Nc4 Qa7 (21... Qc5 {
Ftacnik} 22. b4) 22. Qe2 (22. Nxd6 $2 {Ftacnik} Rxf2) 22... b5 23. Nxd6 $14 {
Kamsky,-Short, Linares 1994}) (14. Nb6 {Ubilava,E} Rc7 15. c4 Bf6 {/\ Nd4})
14... Ne7 (14... g6 15. Qd3 f5 16. Bf3 Rf7 17. Nb6 Rb8 18. Rad1 Be7 19. exf5
gxf5 20. Bd5 $14 {Vogt-Nicevski, Naleczow 1979}) 15. Nb6 Rc6 16. Nd2 Ng6 17. g3
Kh8 18. Ra3 Re8 19. Re1 Nf8 20. b4 g6 21. Nf1 f5 22. exf5 gxf5 23. Ne3 Ng6 24.
Ned5 $16 {Vogt,L-Fedorowicz,J/Naleczow/1979/1-0 (39)}) 13. Nxf6+ $146 (13. Nxd4
Bxd5 (13... exd4 14. Nxf6+ Qxf6 {-13.Nxf6}) 14. exd5 exd4 15. Bd3 g6 $10) 13...
Qxf6 14. Nxd4 exd4 15. Bd3 $6 (15. f4 Rac8 16. Bd3 {-15.Bd3} (16. b3 Rfe8 17.
a5 Bd7 18. Bd3 Bc6 $11)) (15. a5 $5 {[%csl Rd4][%cal Ga1a4] White can achive
advantage only if wins'd'-pawn,otherwise black hasn,t problems} Rac8 16. Ra4
Rc5 (16... Rfe8 17. f4 d3 18. Bxd3 Qxb2 19. Qb1 Qxb1 20. Rxb1 $16) (16... d3
17. Bxd3 Qxb2 18. Qb1 Qxb1 19. Rxb1 $16) 17. f4 Rfc8 18. Bd3 {now black rooks
stand not in a right line,like in the game} Bd7 (18... Bc4 19. Bxc4 Rxc4 20.
Rxc4 Rxc4 21. Qd3 $16) 19. Ra3 $14) 15... Rac8 16. Qe2 (16. f4 Bc4 17. Rf2 $14)
16... Rfe8 17. Rae1 Bd5 18. b3 (18. f4 {[%cal Ge2h5,Ge4e5]} Bc6 19. Qh5 (19. b3
) (19. e5 dxe5 20. fxe5 Qg5 21. Qf2 Re7 22. Bf5 Rd8 23. e6 f6 $13) 19... g6 (
19... h6 20. e5 dxe5 21. fxe5 Qe6 22. Rxf7 Qxf7 23. Bh7+ Kf8 24. Rf1 Qxf1+ 25.
Kxf1 $16) (19... Bxa4 20. e5 Qh6 21. Qxh6 gxh6 22. exd6 $14) 20. Qa5 Re7 $11)
18... Re6 19. Qg4 (19. Qh5 {[%csl Rh7][%cal Ge4d5]} Re5 20. Qd1 Bc6 21. f4 Re6
$11) 19... Rce8 20. Re2 h5 $11 21. Qxh5 Bxe4 22. Rxe4 Rxe4 23. Bxe4 Rxe4 24.
Qd5 Qe7 25. g3 Re2 26. Qxd4 Rxc2 27. Qd3 (27. Qd3 Qc7 28. Re1 Rc1 $11) 1/2-1/2